Normal view
MARC view
- Aila F. Hussain
Entry Personal Name
001 - CONTROL NUMBER
- control field: 130454
003 - CONTROL NUMBER IDENTIFIER
- control field: NUST
005 - DATE AND TIME OF LATEST TRANSACTION
- control field: 20250908124015.0
008 - FIXED-LENGTH DATA ELEMENTS
- fixed length control field: 250908|| aca||aabn | a|a d
040 ## - CATALOGING SOURCE
- Original cataloging agency: NUST
- Transcribing agency: NUST
100 ## - HEADING--PERSONAL NAME
- Personal name: Aila F. Hussain
670 ## - SOURCE DATA FOUND
- Source citation: Work cat.: (NUST): Aila F. Hussain, 2000 Names for Muslim Children
